Statistics for Easy General Knowledge #2

Click here to take the quiz!

General Stats

  • This quiz has been taken 879 times
  • The average score is 16 of 20

Answer Stats

Question Answer % Correct
What is the colour of the dot on the Japanese flag?Red
97%
Largest country in the world?Russia
95%
Current president of the United States? (of March 2017)Donald Trump
94%
What social media site did Mark Zuckerberg create?Facebook
92%
How many states are in the United States of America?50
91%
How many playing cards are in a deck? (Excluding Jokers)52
89%
What ocean did the Titanic sink in?Atlantic
88%
Smallest prime number?2
88%
Country shaped like a boot?Italy
87%
Which pokémon is most known?Pikachu
79%
What continent is missing? Europe, Asia, Africa, North America, South Amrerica, Oceania and _______Antarctica
79%
Smallest country in the world?Vatican City
79%
Who starred as "Forest" in Forest Gump?Tom Hanks
78%
Who currently holds the "Fastest man in the world" title?Usain Bolt
78%
Longest running tv series? Hint: Its animatedThe Simpsons
74%
Who betrayed Jesus?Judas
71%
Mario is a character created by what company?Nintendo
69%
Who was Brad Pitt's first wife?Jennifer Aniston
49%
Wife of answer above ^Melania Trump
46%
How did the answer above die?Killed himself
32%

Score Distribution

Percentile by Number Answered

Percent of People with Each Score

Your Score History

You have not taken this quiz